MARC-Details
| 000 -Satzkennung |
| Kontrollfeld mit fester Länge |
01487nad a2200409 a 4500 |
| 001 - Kontrollnummer |
| Kontrollfeld |
MIU01000000000000012951357 |
| 003 - Kontrollnummer Identifier |
| Kontrollfeld |
MiU |
| 005 - Datum und Zeit der letzten Transaktion |
| Kontrollfeld |
20231010141535.0 |
| 007 - Feld mit fester Länge zur physischen Beschreibung - Allgemeine Information |
| Kontrollfeld mit fester Länge |
cr mnummmmuuuu |
| 008 - Feld mit fester Länge zur physischen Beschreibung - Allgemeine Angaben |
| Kontrollfeld mit fester Länge |
850114s1986 cau sb s001 0 eng d |
| 024 7# - Anderer Standardidentifier |
| Standardnummer oder Code |
2027/heb31899 |
| Quelle der Nummer oder des Codes |
hdl |
| 040 ## - Katalogisierungsquelle |
| Original-Katalogisierungsstelle |
NyNyACL |
| Übertragungsstelle |
NyNyACL |
| 090 ## - LOCALLY ASSIGNED LC-TYPE CALL NUMBER (OCLC); LOCAL CALL NUMBER (RLIN) |
| Notation (OCLC) (R) ; Notation, CALL (RLIN) (NR) |
DF87 |
| Local cutter number (OCLC) ; Book number/undivided call number, CALL (RLIN) |
(INTERNET) |
| 041 ## - Sprachcode |
| Sprachcode des Textes/der Tonspur oder des separaten Titels |
eng |
| 100 1# - Haupteintragung - Personenname |
| Personenname |
Ostwald, Martin, |
| Datumsangaben in Verbindung mit einem Namen |
1922-2010. |
| Koha-Normdatenidentnummer |
51627 |
| 245 10 - Titel |
| Titel |
From popular sovereignty to the sovereignty of law |
| Medium |
[electronic resource] : |
| Zusatz zum Titel |
law, society, and politics in fifth-century Athens / |
| Verfasserangabe etc. |
Martin Ostwald. |
| 264 ## - Produktion, Veröffentlichung, Distribution, Herstellung und Urheberrechtsvermerk |
| Herstellungs-, Veröffentlichungs- Vertriebs-, Erzeugungsort |
Berkeley : |
| Produzent, Herausgeber, Distributor, Hersteller |
University of California Press, |
| Datum der Herstellung, der Veröffentlichung, des Vertriebs oder des Urheberschutzvermerks |
c1986. |
| 300 ## - Physische Beschreibung |
| Umfang |
xxii, 663 p. ; |
| Maße |
24 cm. |
| 336 ## - Inhaltstyp |
| Quelle |
rdacontent |
| Inhaltstypcode |
txt |
| Inhaltstypterm |
Text |
| 337 ## - Medientyp |
| Quelle |
rdamedia |
| Medientypcode |
bc |
| Bezeichnung des Medientyps |
Computermedien |
| 338 ## - Datenträgertyp |
| Quelle |
rdacarrier |
| Datenträgertypcode |
cr |
| Datenträgertypbezeichnung |
Online Ressource |
| 504 ## - Fußnote zu Literaturverzeichnissen usw. |
| Fußnote zu Bibliographien usw. |
Includes bibliography (p. 551-569) and indexes. |
| 500 ## - Allgemeine Fußnote |
| Allgemeine Fußnote |
E-Book-ACLS / Zugriff nur im DHI-Lesesaal |
| 500 ## - Allgemeine Fußnote |
| Allgemeine Fußnote |
American Council of Learned Societies/ https://www.humanitiesebook.org/about/ |
| 650 #0 - Nebeneintragung unter einem Schlagwort - Sachschlagwort |
| Geografische Unterteilung |
Greece |
| -- |
Athens |
| Allgemeine Unterteilung |
History. |
| Koha-Normdatenidentnummer |
51628 |
| 650 #0 - Nebeneintragung unter einem Schlagwort - Sachschlagwort |
| Geografische Unterteilung |
Greece |
| -- |
Athens |
| Chronologische Unterteilung |
To 146 B.C. |
| Koha-Normdatenidentnummer |
51629 |
| 650 #0 - Nebeneintragung unter einem Schlagwort - Sachschlagwort |
| Geografische Unterteilung |
Greece |
| -- |
Athens. |
| Koha-Normdatenidentnummer |
51630 |
| 651 #0 - Nebeneintragung unter einem Schlagwort - Geografischer Name |
| Geografischer Name |
Athens (Greece) |
| Allgemeine Unterteilung |
Politics and government. |
| Koha-Normdatenidentnummer |
51631 |
| 653 ## - Indexierungsterm - Nicht normiert |
| Nicht-normierter Term |
Law, Greek. |
| 653 ## - Indexierungsterm - Nicht normiert |
| Nicht-normierter Term |
Law |
| 653 ## - Indexierungsterm - Nicht normiert |
| Nicht-normierter Term |
Constitutional history |
| 653 ## - Indexierungsterm - Nicht normiert |
| Nicht-normierter Term |
Rule of law |
| 653 ## - Indexierungsterm - Nicht normiert |
| Nicht-normierter Term |
Democracy. |
| 830 #0 - Nebeneintragung unter dem Gesamttitel - Einheitstitel |
| Einheitstitel |
ACLS Humanities E-Book. |
| Koha-Normdatenidentnummer |
51632 |
| 856 40 - Elektronische Adresse und Zugriff |
| OPAC-Notiz |
Volltext |
| URL |
<a href="https://hdl.handle.net/2027/heb31899">https://hdl.handle.net/2027/heb31899</a> |
| 942 ## - Zusätzliche Felder (Koha) |
| Koha-Medientyp |
E-Books |